000
00305nam a22001337a 4500
008
170907b xxu||||| |||| 00| 0 eng d
020
_a
9780136056317
041
_a
eng
080
_2
3RD
_a
91
100
_a
42
101
_a
GJEO
245
_a
GEOGRAPHY OF SUB-SAHARAN AFRICA
_c
ATTOH,S.A
942
_2
udc
_c
BK
999
_c
26634
_d
26634